[Event "Madrid Oliver Gonzalez Memorial-A 3rd"]
[Site "Madrid"]
[Date "2012.09.08"]
[Round "8"]
[White "Hernandez Gutierrez, Jose"]
[Black "Laynez Aspenberg, Jose Miguel"]
[Result "0-1"]
[WhiteElo "1877"]
[BlackElo "1915"]
[PlyCount "75"]
[EventDate "2012.09.01"]
[EventType "swiss"]
[EventRounds "9"]
[EventCountry "ESP"]
[SourceTitle "CBM 150 Extra"]
[Source "ChessBase"]
[SourceDate "2012.10.19"]
[SourceVersion "1"]
[SourceVersionDate "2012.10.19"]
[SourceQuality "1"]

1. e4 d5 2. exd5 Qxd5 3. Nc3 Qd6 4. d4 Nf6 5. Be2 a6 6. h3 e6 7. Nf3 b5 8. a3 Bb7 9. Be3 Nbd7 10. 0-0 Be7 11. Qd2 c5 12. Rfd1 0-0 13. Ne1 Rfd8 14. Bf3 Qb6 15. Qe2 cxd4 16. Bxd4 Bxf3 17. Nxf3 Qb7 18. Rd2 Nb6 19. Ne5 Rac8 20. b3 Rxd4 21. Rxd4 Rxc3 22. Rd3 Nbd5 23. Rxc3 Nxc3 24. Qd3 Nfd5 25. a4 Nf4 26. Qf3 Qxf3 27. Nxf3 b4 28. Re1 Bf6 29. Nd2 Nfe2+ 30. Kf1 Nd4 31. Ne4 Nxc2 32. Nxf6+ gxf6 33. Rc1 Nd4 34. Ke1 Nxb3 35. Rc2 Nd4 36. Kd2 Nxc2 37. Kxc2 Nxa4 38. Kb3 0-1

[Event "Madrid Oliver Gonzalez Memorial-A 3rd"]
[Site "Madrid"]
[Date "2012.09.02"]
[Round "2"]
[White "Martin Duque, Jesus"]
[Black "Laynez Aspenberg, Jose Miguel"]
[Result "1-0"]
[WhiteElo "2261"]
[BlackElo "1915"]
[PlyCount "69"]
[EventDate "2012.09.01"]
[EventType "swiss"]
[EventRounds "9"]
[EventCountry "ESP"]
[SourceTitle "CBM 150 Extra"]
[Source "ChessBase"]
[SourceDate "2012.10.19"]
[SourceVersion "1"]
[SourceVersionDate "2012.10.19"]
[SourceQuality "1"]

1. e4 d5 2. exd5 Qxd5 3. Nc3 Qa5 4. d4 Nf6 5. Bc4 Bf5 6. Bd2 c6 7. Nf3 e6 8. Nd5 Qd8 9. Nxf6+ gxf6 10. Bb3 Qc7 11. Qe2 Nd7 12. 0-0-0 0-0-0 13. Nh4 Bg6 14. g3 Bd6 15. Ng2 Rhe8 16. h4 h5 17. Nf4 Bxf4 18. Bxf4 e5 19. dxe5 fxe5 20. Bg5 f6 21. Be3 Kb8 22. g4 hxg4 23. Qxg4 Bh7 24. h5 f5 25. Qg7 Nb6 26. h6 Nd5 27. Qxc7+ Kxc7 28. Rhg1 f4 29. Bxa7 Rg8 30. Bc5 f3 31. Rxg8 Bxg8 32. c4 Nf4 33. Bb6+ Kxb6 34. Rxd8 Ne2+ 35. Kd2 1-0

[Event "Parla op 25th"]
[Site "Parla"]
[Date "2010.09.10"]
[Round "7"]
[White "Fernandez Gil, Ruben Carlos"]
[Black "Laynez Aspenberg, Jose Miguel"]
[Result "1/2-1/2"]
[WhiteElo "1721"]
[BlackElo "1910"]
[PlyCount "67"]
[EventDate "2010.09.04"]
[EventType "swiss"]
[EventRounds "9"]
[EventCountry "ESP"]
[SourceTitle "CBM 138 Extra"]
[Source "ChessBase"]
[SourceDate "2010.10.29"]
[SourceVersion "1"]
[SourceVersionDate "2010.10.29"]
[SourceQuality "1"]

1. e4 d5 2. exd5 Qxd5 3. Nc3 Qa5 4. d4 Nf6 5. Nf3 Bf5 6. Bc4 e6 7. 0-0 Nbd7 8. Bf4 Bd6 9. Bxd6 cxd6 10. d5 e5 11. Nb5 Qb6 12. Nh4 Bg6 13. Nxg6 hxg6 14. Qd2 a6 15. Nc3 0-0 16. Bb3 Qb4 17. Qg5 Rac8 18. a3 Qg4 19. Qxg4 Nxg4 20. Ne4 Nc5 21. Nxd6 Rcd8 22. Nc4 Nxb3 23. cxb3 Rxd5 24. h3 Nh6 25. Rfd1 Rfd8 26. Ne3 Rxd1+ 27. Rxd1 Rxd1+ 28. Nxd1 Nf5 29. Kf1 Nd4 30. b4 f5 31. Ke1 Kf7 32. Kd2 Ke6 33. Kd3 b5 34. f3 1/2-1/2

[Event "Parla op 25th"]
[Site "Parla"]
[Date "2010.09.07"]
[Round "4"]
[White "Garcia Osorio Prado, Miguel Angel"]
[Black "Laynez Aspenberg, Jose Miguel"]
[Result "1/2-1/2"]
[WhiteElo "1675"]
[BlackElo "1910"]
[PlyCount "128"]
[EventDate "2010.09.04"]
[EventType "swiss"]
[EventRounds "9"]
[EventCountry "ESP"]
[SourceTitle "CBM 138 Extra"]
[Source "ChessBase"]
[SourceDate "2010.10.29"]
[SourceVersion "1"]
[SourceVersionDate "2010.10.29"]
[SourceQuality "1"]

1. d4 Nf6 2. c4 c5 3. d5 b5 4. b3 d6 5. Nd2 g6 6. Bb2 Bg7 7. e4 bxc4 8. bxc4 0-0 9. Bd3 Nbd7 10. Ne2 Rb8 11. Rb1 Qc7 12. 0-0 Nb6 13. h3 Ba6 14. Qc2 Nbd7 15. f4 Rb6 16. Nf3 Rfb8 17. e5 dxe5 18. fxe5 Nxd5 19. cxd5 Bxd3 20. Qxd3 Rxb2 21. Rxb2 Rxb2 22. d6 exd6 23. exd6 Qb6 24. Kh1 Qb5 25. Qxb5 Rxb5 26. Nf4 Rb6 27. Rd1 Bf8 28. Ng5 Rxd6 29. Rb1 Nb6 30. Ne4 Rd4 31. Nf6+ Kh8 32. Ne2 Rd2 33. Nc3 Bg7 34. Nce4 Rxa2 35. Ne8 Ra1 36. Rxa1 Bxa1 37. Nxc5 a5 38. Nb3 Bc3 39. Nd6 a4 40. Nc1 Kg7 41. Nb5 Bb2 42. Na2 a3 43. Kg1 f5 44. Kf2 Kf6 45. Ke3 Nd5+ 46. Kf3 g5 47. g4 f4 48. Ke4 Nb6 49. Nc7 Ke7 50. Na6 Na4 51. N6b4 Nc3+ 52. Nxc3 Kd6 53. Nb5+ Kc5 54. Nxa3 Bxa3 55. Nd3+ Kc4 56. Ne5+ Kc3 57. Nf7 Be7 58. Nh6 Kd2 59. Kf3 Ke1 60. Nf5 Bf8 61. h4 h6 62. hxg5 hxg5 63. Nd4 Kf1 64. Ne6 Bh6 1/2-1/2

[Event "Madrid Villaverde op 13th"]
[Site "Madrid"]
[Date "2010.07.04"]
[Round "7"]
[White "Martinez Miura, Enrique"]
[Black "Laynez Aspenberg, Jose Miguel"]
[Result "0-1"]
[WhiteElo "1727"]
[BlackElo "1910"]
[PlyCount "74"]
[EventDate "2010.06.28"]
[EventType "swiss"]
[EventRounds "9"]
[EventCountry "ESP"]
[SourceTitle "EXT 2011"]
[Source "ChessBase"]
[SourceDate "2010.11.26"]
[SourceVersion "1"]
[SourceVersionDate "2010.11.26"]
[SourceQuality "1"]

1. e4 d5 2. exd5 Qxd5 3. Nc3 Qa5 4. Bc4 Nf6 5. h3 Bf5 6. Nf3 e6 7. 0-0 c6 8. d4 Bd6 9. Re1 0-0 10. Nh4 Bg6 11. Nxg6 hxg6 12. Ne4 Nxe4 13. Rxe4 Nd7 14. Bd2 Qd8 15. Bf4 Bxf4 16. Rxf4 Qc7 17. Re4 Nf6 18. Re3 Rad8 19. Rd3 Rd6 20. Qf3 Rfd8 21. Rad1 Qb6 22. Rb3 Qc7 23. Qe3 b5 24. Be2 a5 25. Rbd3 Nd5 26. Qc1 Nb4 27. Ra3 Qb6 28. c3 Nd5 29. Qd2 c5 30. dxc5 Qxc5 31. Rxa5 Nxc3 32. Qxc3 Rxd1+ 33. Bxd1 Rxd1+ 34. Kh2 Qxf2 35. Ra8+ Kh7 36. b3 Qf4+ 37. Qg3 Rh1+ 0-1

[Event "Madrid Villaverde op 13th"]
[Site "Madrid"]
[Date "2010.06.30"]
[Round "3"]
[White "Lopez de Turiso, Jose Angel"]
[Black "Laynez Aspenberg, Jose Miguel"]
[Result "1/2-1/2"]
[WhiteElo "2110"]
[BlackElo "1910"]
[PlyCount "94"]
[EventDate "2010.06.28"]
[EventType "swiss"]
[EventRounds "9"]
[EventCountry "ESP"]
[SourceTitle "EXT 2011"]
[Source "ChessBase"]
[SourceDate "2010.11.26"]
[SourceVersion "1"]
[SourceVersionDate "2010.11.26"]
[SourceQuality "1"]

1. g3 Nf6 2. Bg2 g6 3. c4 c5 4. Nc3 Bg7 5. e4 d6 6. Nge2 Nc6 7. a3 0-0 8. Rb1 Bd7 9. b4 cxb4 10. axb4 Ne5 11. d3 Bg4 12. f4 Bxe2 13. Nxe2 Ned7 14. Be3 Ng4 15. Bg1 a5 16. h3 Ngf6 17. bxa5 Qxa5+ 18. Qd2 Qxd2+ 19. Kxd2 Ra2+ 20. Ke3 Nc5 21. Bf2 Rfa8 22. Rhd1 R8a3 23. Nc1 Rc2 24. Rd2 Rxc4 25. Ke2 Rca4 26. Bxc5 dxc5 27. Rxb7 Rc3 28. Rb8+ Bf8 29. Nb3 Ra3 30. Rb2 c4 31. dxc4 Rxg3 32. Kf2 Rc3 33. Nd2 Nh5 34. f5 Nf4 35. Bf1 Nxh3+ 36. Bxh3 Rxh3 37. Rc8 Rad3 38. c5 Rh2+ 39. Ke1 f6 40. c6 Rc3 41. Kd1 Kf7 42. Rb7 Bh6 43. Rd7 Rh1+ 44. Ke2 Rh2+ 45. Kd1 Rh1+ 46. Ke2 Rh2+ 47. Kd1 Rh1+ 1/2-1/2

[Event "Collado Villalba op-A 26th"]
[Site "Collado Villalba"]
[Date "2009.08.25"]
[Round "5"]
[White "Laynez Aspenberg, Jose Miguel"]
[Black "Ponce Lopez, Miguel"]
[Result "0-1"]
[WhiteElo "1932"]
[BlackElo "2185"]
[PlyCount "84"]
[EventDate "2009.08.21"]
[EventType "swiss"]
[EventRounds "9"]
[EventCountry "ESP"]
[SourceTitle "CBM 132 Extra"]
[Source "ChessBase"]
[SourceDate "2009.11.03"]
[SourceVersion "1"]
[SourceVersionDate "2009.11.03"]
[SourceQuality "1"]

1. d4 Nf6 2. c4 g6 3. Nc3 Bg7 4. e4 d6 5. f4 0-0 6. Nf3 c5 7. d5 e6 8. Be2 exd5 9. cxd5 b5 10. e5 dxe5 11. fxe5 Ng4 12. Bxb5 Nxe5 13. 0-0 Bg4 14. Be2 Nxf3+ 15. Bxf3 Bd4+ 16. Kh1 Bxf3 17. Qxf3 Nd7 18. Bh6 Ne5 19. Qh3 Re8 20. Ne4 Nc4 21. Bg5 Qxd5 22. Nf6+ Bxf6 23. Bxf6 Ne3 24. Rf3 Re6 25. Bc3 Nf5 26. Rd3 Nd4 27. Rf1 Rae8 28. Qh6 Re2 29. Rdf3 R8e5 30. R3f2 Rxf2 31. Rxf2 Qxa2 32. Qc1 Qe6 33. Qf1 Rf5 34. Rxf5 Qxf5 35. Qd1 Qc2 36. Qe1 Qe2 37. Qa1 Nc2 38. Qg1 Ne3 39. Be1 Nxg2 40. Bf2 Nf4 41. Bxc5 Qf3+ 42. Qg2 Qxg2# 0-1

[Event "Parla 25 Jubilee op"]
[Site "Parla"]
[Date "2008.09.11"]
[Round "6"]
[White "Laynez Aspenberg, Jose Miguel"]
[Black "Fuentes Arjona, Antonio C"]
[Result "0-1"]
[WhiteElo "1935"]
[BlackElo "2042"]
[PlyCount "88"]
[EventDate "2008.09.06"]
[EventType "swiss"]
[EventRounds "9"]
[EventCountry "ESP"]
[SourceTitle "CBM 126 Extra"]
[Source "ChessBase"]
[SourceDate "2008.11.05"]
[SourceVersion "1"]
[SourceVersionDate "2008.11.05"]
[SourceQuality "1"]

1. d4 d5 2. c4 e6 3. Nc3 Nf6 4. cxd5 exd5 5. Bg5 Nbd7 6. e3 Be7 7. Qc2 c6 8. Bd3 h6 9. Bh4 b5 10. Nf3 Bb7 11. 0-0 0-0 12. Ne5 Nxe5 13. dxe5 Ng4 14. Bxe7 Qxe7 15. Ne2 Qxe5 16. Ng3 a6 17. Rae1 Qf6 18. Bf5 Ne5 19. f4 Nc4 20. Nh5 Qxb2 21. Qd1 g6 22. Qg4 Kh7 23. Bxg6+ fxg6 24. Qd7+ Kg8 25. Qe6+ Kh7 26. Qe7+ Kh8 27. Rb1 Qc3 28. Rb3 Rae8 29. Qxb7 Na5 30. Rxc3 Nxb7 31. Rxc6 gxh5 32. Rxh6+ Kg7 33. Rxh5 Rxe3 34. Rxd5 Re2 35. Rd7+ Rf7 36. Rfd1 Nc5 37. R7d5 Ne4 38. a3 Rxf4 39. R5d4 Rf7 40. a4 Nc3 41. Rc1 Nxa4 42. Rd6 Nc5 43. Rc6 Nd3 44. Rd1 Ne1 0-1

[Event "Parla 25 Jubilee op"]
[Site "Parla"]
[Date "2008.09.10"]
[Round "5"]
[White "Laynez Aspenberg, Jose Miguel"]
[Black "Perez Alvarez, Javier"]
[Result "1-0"]
[WhiteElo "1935"]
[BlackElo "1727"]
[PlyCount "57"]
[EventDate "2008.09.06"]
[EventType "swiss"]
[EventRounds "9"]
[EventCountry "ESP"]
[SourceTitle "CBM 126 Extra"]
[Source "ChessBase"]
[SourceDate "2008.11.05"]
[SourceVersion "1"]
[SourceVersionDate "2008.11.05"]
[SourceQuality "1"]

1. d4 d5 2. c4 e6 3. Nc3 Nf6 4. cxd5 exd5 5. Bg5 Nbd7 6. e3 c6 7. Bd3 Be7 8. Qc2 h6 9. Bh4 g5 10. Bg3 Nh5 11. Nge2 Ng7 12. f3 Nf6 13. e4 dxe4 14. fxe4 Bg4 15. 0-0-0 Bxe2 16. Bxe2 Nfh5 17. Bf2 Qa5 18. g3 Nf6 19. d5 cxd5 20. e5 Rc8 21. exf6 Bxf6 22. Bd4 Bxd4 23. Rxd4 Ne6 24. Rxd5 Qb6 25. Bb5+ Kf8 26. Bd7 Qe3+ 27. Kb1 Rxc3 28. bxc3 Qf3 29. Rhd1 1-0

[Event "Parla 25 Jubilee op"]
[Site "Parla"]
[Date "2008.09.08"]
[Round "3"]
[White "Laynez Aspenberg, Jose Miguel"]
[Black "Quintero Torres, Pedro"]
[Result "1/2-1/2"]
[WhiteElo "1935"]
[BlackElo "2095"]
[PlyCount "93"]
[EventDate "2008.09.06"]
[EventType "swiss"]
[EventRounds "9"]
[EventCountry "ESP"]
[SourceTitle "CBM 126 Extra"]
[Source "ChessBase"]
[SourceDate "2008.11.05"]
[SourceVersion "1"]
[SourceVersionDate "2008.11.05"]
[SourceQuality "1"]

1. d4 Nf6 2. c4 g6 3. Nc3 d5 4. Nf3 Bg7 5. Bg5 Ne4 6. cxd5 Nxg5 7. Nxg5 c6 8. dxc6 Nxc6 9. d5 Ne5 10. Nf3 Nxf3+ 11. exf3 0-0 12. Bc4 Qc7 13. Qb3 Qe5+ 14. Kf1 a6 15. Re1 Qc7 16. h4 b5 17. Bd3 h5 18. Qb4 Qd6 19. Qxd6 exd6 20. g3 Bb7 21. Re7 Bxc3 22. Rxb7 Bxb2 23. Kg2 Rfe8 24. Rb1 Ba3 25. Rb3 Bc5 26. Be4 Rab8 27. Rxb8 Rxb8 28. Rb1 Re8 29. Kf1 Re5 30. Rd1 a5 31. Bc2 Bb4 32. f4 Re7 33. Bd3 Rb7 34. Rc1 Bc5 35. Re1 a4 36. Rb1 b4 37. Bc4 Kg7 38. Ba6 Ra7 39. Bb5 Kf6 40. Ke2 Ra5 41. Bc6 Kf5 42. Kf3 Ra7 43. Be8 Kf6 44. Bc6 a3 45. Bb5 Re7 46. Bc4 Rb7 47. Bb3 1/2-1/2

[Event "Madrid-ch Previa-B"]
[Site "Madrid"]
[Date "2002.10.26"]
[Round "5"]
[White "Lozano Freras, Sergio"]
[Black "Laynez Aspenberg, Jose Miguel"]
[Result "1/2-1/2"]
[WhiteElo "1904"]
[BlackElo "1849"]
[PlyCount "21"]
[EventDate "2002.10.??"]
[EventType "swiss"]
[EventRounds "9"]
[EventCountry "ESP"]
[SourceTitle "EXT 2004"]
[Source "ChessBase"]
[SourceDate "2003.11.25"]
[SourceVersion "1"]
[SourceVersionDate "2003.11.25"]
[SourceQuality "1"]

1. e4 d5 2. exd5 Nf6 3. Nf3 Qxd5 4. Nc3 Qh5 5. Be2 Bg4 6. h3 Nc6 7. 0-0 e5 8. hxg4 Nxg4 9. Nh4 f5 10. g3 Nd4 11. Nd5 1/2-1/2